[Event "ROM-ch U08"]
[Site "Calimanesti"]
[Date "2014.04.08"]
[Round "3"]
[White "Chiriac, Bogdan Florin"]
[Black "Muresanu, Gabriel Emanuel"]
[Result "0-1"]
[WhiteElo "1001"]
[BlackElo "1001"]
[PlyCount "26"]
[EventDate "2014.04.06"]
[EventType "swiss"]
[EventRounds "9"]
[EventCountry "ROU"]
[SourceTitle "CBM 160 Extra"]
[Source "ChessBase"]
[SourceDate "2014.07.01"]
[SourceVersion "1"]
[SourceVersionDate "2014.07.01"]
[SourceQuality "1"]

1. e4 e6 2. Nf3 d5 3. exd5 exd5 4. Bb5+ c6 5. Bd3 Bg4 6. h3 Bh5 7. g4 Bg6 8. Ne5 Bxd3 9. cxd3 Nf6 10. g5 Bd6 11. f4 Bxe5 12. fxe5 Nh5 13. h4 Ng3 0-1